| 000 | 00693cam a22002411 4500 | ||
|---|---|---|---|
| 001 | sa 68012050 | ||
| 003 | DLC | ||
| 005 | 20260227112606.0 | ||
| 008 | 771207s1967 ii 000 1 eng | ||
| 010 | _asa 68012050 | ||
| 035 | _a(OCoLC)3468939 | ||
| 040 |
_aDLC _cNcGrE _dDLC |
||
| 041 | 1 | _aenghin | |
| 050 | 0 | 0 |
_aPZ4.N17 _bFr |
| 082 | _a891.43/3/7 | ||
| 100 | 1 |
_aNandah, Gulshan, _d1929-1985. |
|
| 245 | 1 | 0 |
_aFrozen lips. _c[Translated by Devendra Pratap Lahoti] |
| 260 |
_aBombay, _bPearl Publications ; _b[sole distributors: India Book House, _c1967] |
||
| 300 |
_a118 p. _c18 cm. |
||
| 500 | _aTranslation of Patthara ke hontha. | ||
| 500 | _aA novel. | ||
| 651 | 0 |
_aIndia _xFiction. |
|
| 999 |
_c84276 _d84276 |
||